<?xml version="1.0" encoding="UTF-8"?>
<collection xmlns="http://www.loc.gov/MARC21/slim">
 <record>
  <leader>     na                 </leader>
  <controlfield tag="001">INLIS000000000017774</controlfield>
  <controlfield tag="005">20230330111250</controlfield>
  <datafield tag="035" ind1=" " ind2=" ">
   <subfield code="a">0010-0822000159</subfield>
  </datafield>
  <datafield tag="245" ind1="1" ind2=" ">
   <subfield code="a">Pengantar Metodologi Penelitian Budaya Rupa :</subfield>
   <subfield code="b">Desain, Arsitektur, Seni Rupa dan Kriya</subfield>
  </datafield>
  <datafield tag="100" ind1="1" ind2=" ">
   <subfield code="a">Sachari, Agus</subfield>
  </datafield>
  <datafield tag="250" ind1=" " ind2=" ">
   <subfield code="a">Tidak Teridentifikasi</subfield>
  </datafield>
  <datafield tag="300" ind1=" " ind2=" ">
   <subfield code="a">vi + 180  halaman :</subfield>
   <subfield code="b">Ilustrasi ;</subfield>
   <subfield code="c">25,5 cm</subfield>
  </datafield>
  <datafield tag="260" ind1=" " ind2=" ">
   <subfield code="a">Bandung ; :</subfield>
   <subfield code="b">Erlangga,</subfield>
   <subfield code="c">2005</subfield>
  </datafield>
  <datafield tag="082" ind1=" " ind2=" ">
   <subfield code="a">741.2</subfield>
  </datafield>
  <datafield tag="084" ind1=" " ind2=" ">
   <subfield code="a">741.2 SAC p</subfield>
  </datafield>
  <datafield tag="020" ind1=" " ind2=" ">
   <subfield code="a">979-741-648-8</subfield>
  </datafield>
  <datafield tag="650" ind1=" " ind2="4">
   <subfield code="a">Desain Seni Rupa</subfield>
  </datafield>
  <controlfield tag="008">230330                g          0 ind  </controlfield>
  <datafield tag="502" ind1=" " ind2=" ">
   <subfield code="a">176-180 halaman</subfield>
  </datafield>
  <datafield tag="504" ind1=" " ind2=" ">
   <subfield code="a">154-156 halaman</subfield>
  </datafield>
  <datafield tag="520" ind1=" " ind2=" ">
   <subfield code="a">Berkembangnya ilmu desain dan kesenirupaan&#13;
dalam beberapa dekade terakhir ini, menuntut lahirnya alternatif-alternatif metodologi penelitian yang lebih mantap dalam membangun konstruksi keilmuannya. Demikian pula fenomena praksis yang telah menjadi bagian dunia keprofesian secara luas pun membutuhkan proses pembenaran ilmiah yang selama ini dirasakan masih kurang.&#13;
&#13;
Begitu banyak hal-hal yang menarik dalam dunia budaya rupa untuk&#13;
diteliti, namun demikian banyak pula orang yang mengalami kesulitan dalam menentukan metodologi yang tepat dalam meneliti objek-objek tersebut. Buku ini menawarkan sejumlah teori tentang metodologi penelitian yang diadopsi dari berbagai teori ilmu sosial, budaya, sejarah, manajemen, kritik seni, semiotika, dan sejumlah teori lainnya, yang selama ini telah dikembangkan oleh para peneliti di bidang desain, arsitektur, dan kesenirupaan. &#13;
Buku ini merupakan pengantar teori-teori dalam meninjau karya budaya rupa, khususnya desain, senirupa, arsitektur, kria dan pelbagai fenomena visual lainnya. Di dalam buku ini dibahas epistemologi dan pohon ilmu desain, senirupa dan kria, serta beberapa wacana metodologi penelitian yang menjadi isu penting dalam dunia desain dan kesenirupaan.&#13;
&#13;
Selain untuk mendukung penelitian budaya rupa, buku ini dapat juga dipergunakan sebagai rujukan untuk kajian budaya, sejarah kebudayaan, kritik seni, tinjauan desain, studi pembangunan, pendidikan seni, juga komunikasi.</subfield>
  </datafield>
  <datafield tag="990" ind1=" " ind2=" ">
   <subfield code="a">018632</subfield>
  </datafield>
  <datafield tag="990" ind1=" " ind2=" ">
   <subfield code="a">018633</subfield>
  </datafield>
  <datafield tag="990" ind1=" " ind2=" ">
   <subfield code="a">018634</subfield>
  </datafield>
  <datafield tag="990" ind1=" " ind2=" ">
   <subfield code="a">018636</subfield>
  </datafield>
  <datafield tag="990" ind1=" " ind2=" ">
   <subfield code="a">065970</subfield>
  </datafield>
  <datafield tag="990" ind1=" " ind2=" ">
   <subfield code="a">065972</subfield>
  </datafield>
  <datafield tag="990" ind1=" " ind2=" ">
   <subfield code="a">065971</subfield>
  </datafield>
  <datafield tag="990" ind1=" " ind2=" ">
   <subfield code="a">037752</subfield>
  </datafield>
  <datafield tag="990" ind1=" " ind2=" ">
   <subfield code="a">037753</subfield>
  </datafield>
  <datafield tag="990" ind1=" " ind2=" ">
   <subfield code="a">037754</subfield>
  </datafield>
 </record>
</collection>
